000
00326nam a22001337a 4500
008
171017b xxu||||| |||| 00| 0 eng d
020
_a
9780393928815
041
_a
eng
080
_2
7 ED
_a
330.101.542
100
_a
52
101
_a
MIK
245
_a
WORKOUTS IN INTERMEDIATE MICROECONOMIS
_c
VARIAN.H.R
942
_2
udc
_c
BK
999
_c
34414
_d
34414